[Event "Grand Swiss "]
[Date "2025.09.09"]
[White "Moussard, Jules"]
[Black "Svane, Frederik"]
[WhiteElo "2591"]
[BlackElo "2643"]
[Round "6.6.45"]
[Result "1/2-1/2"]

1. e4 {[%clk 01:40:58]} e5 {[%clk 01:40:55] [%emt 00:00:06]} 2. Nf3 {[%clk
01:41:24] [%emt 00:00:04]} Nc6 {[%clk 01:41:20] [%emt 00:00:05]} 3. Bc4 {[%clk
01:41:50] [%emt 00:00:04]} Bc5 {[%clk 01:41:44] [%emt 00:00:06]} 4. c3 {[%clk
01:41:59] [%emt 00:00:21]} Nf6 {[%clk 01:42:09] [%emt 00:00:06]} 5. d4 {[%clk
01:42:24] [%emt 00:00:05]} exd4 {[%clk 01:42:34] [%emt 00:00:05]} 6. e5 {[%clk
01:42:32] [%emt 00:00:21]} d5 {[%clk 01:42:58] [%emt 00:00:06]} 7. Bb5 {[%clk
01:42:49] [%emt 00:00:13]} Ne4 {[%clk 01:43:23] [%emt 00:00:06]} 8. cxd4 {[%clk
01:43:05] [%emt 00:00:14]} Bb6 {[%clk 01:43:48] [%emt 00:00:05]} 9. Nc3 {[%clk
01:43:16] [%emt 00:00:19]} O-O {[%clk 01:44:10] [%emt 00:00:08]} 10. Be3 {[%clk
01:42:20] [%emt 00:01:25]} Bg4 {[%clk 01:44:31] [%emt 00:00:09]} 11. h3 {[%clk
01:41:45] [%emt 00:01:02]} Bh5 {[%clk 01:44:55] [%emt 00:00:09]} 12. Qc2 {[%clk
01:41:17] [%emt 00:00:58]} Kh8 {[%clk 01:36:50] [%emt 00:08:35]} 13. Bxc6 {[%clk
01:38:58] [%emt 00:02:48]} bxc6 {[%clk 01:36:56] [%emt 00:00:24]} 14. Nxe4
{[%clk 01:38:44] [%emt 00:00:44]} dxe4 {[%clk 01:37:21] [%emt 00:00:05]} 15.
Qxe4 {[%clk 01:38:50] [%emt 00:00:24]} f5 {[%clk 01:37:44] [%emt 00:00:08]} 16.
exf6 {[%clk 01:38:33] [%emt 00:00:47]} Qxf6 {[%clk 01:38:09] [%emt 00:00:05]}
17. Ne5 {[%clk 01:38:35] [%emt 00:00:28]} Rae8 {[%clk 01:38:05] [%emt 00:00:35]}
18. O-O {[%clk 01:38:50] [%emt 00:00:14]} c5 {[%clk 01:36:04] [%emt 00:02:31]}
19. Rae1 {[%clk 01:39:04] [%emt 00:00:16]} Bg6 {[%clk 01:36:06] [%emt 00:00:21]}
20. Qg4 {[%clk 01:20:31] [%emt 00:19:09]} Bf5 {[%clk 01:36:20] [%emt 00:00:17]}
21. Qf4 {[%clk 01:10:00] [%emt 00:11:02]} Kg8 {[%clk 01:36:43] [%emt 00:00:06]}
22. a3 {[%clk 00:41:31] [%emt 00:28:59]} cxd4 {[%clk 01:26:23] [%emt 00:10:50]}
23. Bxd4 {[%clk 00:40:22] [%emt 00:01:39]} Bxh3 {[%clk 01:26:37] [%emt
00:00:17]} 24. Qxf6 {[%clk 00:36:46] [%emt 00:04:06]} gxf6 {[%clk 01:27:02]
[%emt 00:00:04]} 25. Bxb6 {[%clk 00:36:18] [%emt 00:00:58]} axb6 {[%clk
01:24:55] [%emt 00:02:37]} 26. Nc6 {[%clk 00:35:24] [%emt 00:01:24]} Bd7 {[%clk
01:23:59] [%emt 00:01:20]} 27. Ne7+ {[%clk 00:33:20] [%emt 00:02:40]} Kf7 {[%clk
01:24:24] [%emt 00:00:04]} 28. Nd5 {[%clk 00:33:28] [%emt 00:00:23]} Bc6 {[%clk
01:23:59] [%emt 00:00:52]} 29. Nf4 {[%clk 00:29:22] [%emt 00:04:39]} Ba4 {[%clk
01:13:12] [%emt 00:11:17]} 30. Nd5 {[%clk 00:19:33] [%emt 00:10:19]} Bc6 {[%clk
01:13:37] [%emt 00:00:05]} 31. Nf4 {[%clk 00:19:58] [%emt 00:00:05]} Ba4 {[%clk
01:14:02] [%emt 00:00:04]} 32. Nd5 {[%clk 00:15:27] [%emt 00:05:01]} Bc6 1/2-1/2

[Site "Europe Echecs"]

[Event "Grand Swiss "]
[Date "2025.09.09"]
[White "Chigaev, Maksim"]
[Black "Madaminov, Mukhiddin"]
[WhiteElo "2638"]
[BlackElo "2560"]
[Round "6.6.46"]
[Result "1-0"]

1. e4 {[%clk 01:40:44] [%emt 00:00:14]} e5 {[%clk 01:40:52] [%emt 00:00:09]} 2.
Nf3 {[%clk 01:41:06] [%emt 00:00:08]} Nc6 {[%clk 01:41:15] [%emt 00:00:07]} 3.
Bc4 {[%clk 01:41:27] [%emt 00:00:09]} Nf6 {[%clk 01:41:38] [%emt 00:00:07]} 4.
d3 {[%clk 01:41:51] [%emt 00:00:06]} d5 {[%clk 01:42:01] [%emt 00:00:07]} 5.
exd5 {[%clk 01:42:14] [%emt 00:00:08]} Nxd5 {[%clk 01:42:23] [%emt 00:00:07]} 6.
O-O {[%clk 01:42:29] [%emt 00:00:15]} Bc5 {[%clk 01:42:47] [%emt 00:00:07]} 7.
h3 {[%clk 01:35:59] [%emt 00:07:00]} O-O {[%clk 01:42:32] [%emt 00:00:43]} 8. a4
{[%clk 01:36:05] [%emt 00:00:26]} f6 {[%clk 01:36:32] [%emt 00:06:30]} 9. a5
{[%clk 01:25:13] [%emt 00:11:22]} Be6 {[%clk 01:34:12] [%emt 00:02:49]} 10. c3
{[%clk 01:18:17] [%emt 00:07:26]} a6 {[%clk 01:30:51] [%emt 00:03:52]} 11. Re1
{[%clk 01:16:52] [%emt 00:01:54]} Qd7 {[%clk 01:28:39] [%emt 00:02:41]} 12. Nbd2
{[%clk 01:15:03] [%emt 00:02:20]} Rfd8 {[%clk 01:22:49] [%emt 00:06:21]} 13. Ne4
{[%clk 01:07:18] [%emt 00:08:16]} Bf8 {[%clk 01:23:05] [%emt 00:00:12]} 14. Bd2
{[%clk 00:56:36] [%emt 00:11:12]} b6 {[%clk 01:15:29] [%emt 00:08:06]} 15. b4
{[%clk 00:48:31] [%emt 00:08:35]} bxa5 {[%clk 00:58:27] [%emt 00:17:33]} 16.
bxa5 {[%clk 00:40:21] [%emt 00:08:40]} Bf7 {[%clk 00:56:03] [%emt 00:02:51]} 17.
Bb3 {[%clk 00:36:19] [%emt 00:04:34]} Kh8 {[%clk 00:55:59] [%emt 00:00:34]} 18.
Ba4 {[%clk 00:35:09] [%emt 00:01:40]} Be8 {[%clk 00:33:03] [%emt 00:23:20]} 19.
d4 {[%clk 00:33:40] [%emt 00:02:04]} Qf7 {[%clk 00:32:47] [%emt 00:00:47]} 20.
dxe5 {[%clk 00:28:49] [%emt 00:05:21]} Nxe5 {[%clk 00:26:25] [%emt 00:06:53]}
21. Nxe5 {[%clk 00:26:54] [%emt 00:02:24]} fxe5 {[%clk 00:26:25] [%emt
00:00:30]} 22. Ng5 {[%clk 00:27:15] [%emt 00:00:09]} Qf6 {[%clk 00:22:32] [%emt
00:04:24]} 23. Bxe8 {[%clk 00:15:44] [%emt 00:12:00]} Rxe8 {[%clk 00:23:00]
[%emt 00:00:02]} 24. Qh5 {[%clk 00:11:52] [%emt 00:04:21]} h6 {[%clk 00:22:34]
[%emt 00:00:56]} 25. Rxe5 {[%clk 00:11:09] [%emt 00:01:14]} Rxe5 {[%clk
00:14:09] [%emt 00:08:55]} 26. Nf7+ {[%clk 00:11:27] [%emt 00:00:11]} Kg8 {[%clk
00:11:48] [%emt 00:02:52]} 27. Nxe5 {[%clk 00:11:49] [%emt 00:00:07]} Bd6 {[%clk
00:12:09] [%emt 00:00:09]} 28. Re1 {[%clk 00:05:37] [%emt 00:06:42]} Rf8 {[%clk
00:07:58] [%emt 00:04:42]} 29. Ng4 {[%clk 00:05:29] [%emt 00:00:38]} Qf7 {[%clk
00:08:23] [%emt 00:00:04]} 30. Qxf7+ {[%clk 00:05:51] [%emt 00:00:09]} Kxf7
{[%clk 00:08:46] [%emt 00:00:06]} 31. c4 {[%clk 00:05:47] [%emt 00:00:34]} Nf6
{[%clk 00:06:52] [%emt 00:02:24]} 32. Ne5+ {[%clk 00:05:50] [%emt 00:00:27]} Kg8
{[%clk 00:03:15] [%emt 00:04:08]} 33. Nc6 {[%clk 00:06:05] [%emt 00:00:14]} Nd7
{[%clk 00:03:38] [%emt 00:00:07]} 34. Be3 {[%clk 00:04:14] [%emt 00:02:21]} Ne5
{[%clk 00:03:14] [%emt 00:00:55]} 35. Nxe5 {[%clk 00:04:04] [%emt 00:00:40]}
Bxe5 {[%clk 00:03:42] [%emt 00:00:02]} 36. Bxh6 {[%clk 00:03:01] [%emt
00:01:32]} Bc3 {[%clk 00:02:21] [%emt 00:01:52]} 37. Rc1 {[%clk 00:03:25] [%emt
00:00:06]} Bxa5 {[%clk 00:02:36] [%emt 00:00:16]} 38. Be3 {[%clk 00:03:47] [%emt
00:00:05]} Bb4 {[%clk 00:02:54] [%emt 00:00:14]} 39. Ra1 {[%clk 00:02:42] [%emt
00:01:35]} a5 {[%clk 00:02:00] [%emt 00:01:24]} 40. Kf1 {[%clk 00:02:48] [%emt
00:00:23]} Rd8 {[%clk 00:00:32] [%emt 00:01:59]} 41. Ke2 {[%clk 00:01:29] [%emt
00:01:48]} Kf7 {[%clk 00:46:50] [%emt 00:04:12]} 42. h4 {[%clk 00:50:56] [%emt
00:01:03]} Ra8 {[%clk 00:46:27] [%emt 00:00:54]} 43. Kd3 {[%clk 00:48:59] [%emt
00:02:26]} Ke6 {[%clk 00:45:55] [%emt 00:01:02]} 44. Kc2 {[%clk 00:43:46] [%emt
00:05:44]} a4 {[%clk 00:44:18] [%emt 00:02:08]} 45. h5 {[%clk 00:38:02] [%emt
00:06:13]} a3 {[%clk 00:42:47] [%emt 00:02:02]} 46. Kb3 {[%clk 00:34:58] [%emt
00:03:33]} Rb8 {[%clk 00:38:14] [%emt 00:05:03]} 47. Ka2 {[%clk 00:32:48] [%emt
00:02:39]} Rd8 {[%clk 00:37:33] [%emt 00:01:12]} 48. g4 {[%clk 00:21:52] [%emt
00:11:25]} Bc3 {[%clk 00:35:32] [%emt 00:02:32]} 49. Rh1 {[%clk 00:21:24] [%emt
00:00:58]} Bb2 {[%clk 00:35:32] [%emt 00:00:30]} 50. Re1 {[%clk 00:15:53] [%emt
00:06:00]} Kf7 {[%clk 00:32:47] [%emt 00:03:16]} 51. g5 {[%clk 00:15:54] [%emt
00:00:29]} g6 {[%clk 00:29:19] [%emt 00:03:58]} 52. h6 {[%clk 00:16:13] [%emt
00:00:10]} Rd6 {[%clk 00:28:31] [%emt 00:01:18]} 53. Bc1 {[%clk 00:01:23] [%emt
00:15:20]} Rd4 {[%clk 00:25:50] [%emt 00:03:12]} 54. c5 {[%clk 00:00:55] [%emt
00:00:58]} Rd5 {[%clk 00:26:09] [%emt 00:00:11]} 55. Be3 {[%clk 00:00:47] [%emt
00:00:38]} Rd8 {[%clk 00:23:04] [%emt 00:03:36]} 56. Bf4 {[%clk 00:00:41] [%emt
00:00:36]} Rd5 {[%clk 00:22:29] [%emt 00:01:05]} 57. Be3 {[%clk 00:00:58] [%emt
00:00:13]} Rd8 {[%clk 00:22:53] [%emt 00:00:05]} 58. Rh1 {[%clk 00:01:08] [%emt
00:00:20]} Ke6 {[%clk 00:22:53] [%emt 00:00:31]} 59. Bc1 {[%clk 00:00:40] [%emt
00:00:59]} Bh8 {[%clk 00:21:11] [%emt 00:02:11]} 60. Kxa3 {[%clk 00:00:36] [%emt
00:00:34]} Rb8 {[%clk 00:21:33] [%emt 00:00:09]} 61. Ka2 {[%clk 00:00:39] [%emt
00:00:27]} Kd5 {[%clk 00:21:51] [%emt 00:00:13]} 62. Rd1+ {[%clk 00:00:33] [%emt
00:00:34]} Kc4 {[%clk 00:22:10] [%emt 00:00:12]} 63. f4 {[%clk 00:00:32] [%emt
00:00:30]} Bc3 {[%clk 00:22:20] [%emt 00:00:20]} 64. Ba3 {[%clk 00:00:43] [%emt
00:00:19]} Re8 {[%clk 00:21:12] [%emt 00:01:39]} 65. Rc1 {[%clk 00:00:55] [%emt
00:00:17]} Kd3 {[%clk 00:17:12] [%emt 00:04:30]} 66. Bb2 {[%clk 00:00:50] [%emt
00:00:34]} Bd2 {[%clk 00:17:36] [%emt 00:00:08]} 67. Rd1 {[%clk 00:00:45] [%emt
00:00:34]} Kc2 {[%clk 00:17:57] [%emt 00:00:09]} 68. Rxd2 {[%clk 00:01:00] [%emt
00:00:15]} Kxd2 {[%clk 00:18:23] [%emt 00:00:04]} 69. h7 {[%clk 00:01:15] [%emt
00:00:15]} 1-0

[Site "Europe Echecs"]

[Event "Grand Swiss "]
[Date "2025.09.09"]
[White "Martirosyan, Haik M."]
[Black "Nigmatov, Ortik"]
[WhiteElo "2628"]
[BlackElo "2488"]
[Round "6.6.47"]
[Result "0-1"]

1. d4 {[%clk 01:40:39] [%emt 00:00:20]} d5 {[%clk 01:40:51] [%emt 00:00:10]} 2.
c4 {[%clk 01:40:50] [%emt 00:00:19]} e6 {[%clk 01:41:13] [%emt 00:00:08]} 3. Nc3
{[%clk 01:40:39] [%emt 00:00:41]} Be7 {[%clk 01:41:32] [%emt 00:00:11]} 4. Nf3
{[%clk 01:39:04] [%emt 00:02:05]} Nf6 {[%clk 01:41:53] [%emt 00:00:08]} 5. g3
{[%clk 01:37:21] [%emt 00:02:13]} O-O {[%clk 01:37:21] [%emt 00:05:02]} 6. Bg2
{[%clk 01:37:23] [%emt 00:00:28]} dxc4 {[%clk 01:32:01] [%emt 00:05:51]} 7. Ne5
{[%clk 01:37:06] [%emt 00:00:46]} Nc6 {[%clk 01:20:41] [%emt 00:11:50]} 8. Bxc6
{[%clk 01:36:20] [%emt 00:01:15]} bxc6 {[%clk 01:21:04] [%emt 00:00:07]} 9. Nxc6
{[%clk 01:36:44] [%emt 00:00:06]} Qe8 {[%clk 01:20:36] [%emt 00:00:59]} 10.
Nxe7+ {[%clk 01:36:57] [%emt 00:00:17]} Qxe7 {[%clk 01:21:01] [%emt 00:00:05]}
11. Qa4 {[%clk 01:36:40] [%emt 00:00:46]} c5 {[%clk 01:11:17] [%emt 00:10:14]}
12. dxc5 {[%clk 01:34:25] [%emt 00:02:46]} Qxc5 {[%clk 01:09:40] [%emt
00:02:07]} 13. Be3 {[%clk 01:34:33] [%emt 00:00:22]} Qc7 {[%clk 01:02:20] [%emt
00:07:49]} 14. f3 {[%clk 01:32:00] [%emt 00:03:03]} Rd8 {[%clk 01:00:40] [%emt
00:02:10]} 15. Kf2 {[%clk 01:29:46] [%emt 00:02:45]} Bb7 {[%clk 01:00:30] [%emt
00:00:40]} 16. Rhd1 {[%clk 01:21:31] [%emt 00:08:45]} a6 {[%clk 00:58:16] [%emt
00:02:44]} 17. Qb4 {[%clk 01:18:58] [%emt 00:03:03]} Qc6 {[%clk 00:51:32] [%emt
00:07:14]} 18. Qb6 {[%clk 01:12:57] [%emt 00:06:31]} Nd5 {[%clk 00:43:21] [%emt
00:08:41]} 19. Qxc6 {[%clk 00:57:11] [%emt 00:16:17]} Bxc6 {[%clk 00:43:48]
[%emt 00:00:02]} 20. Rdc1 {[%clk 00:55:42] [%emt 00:02:00]} Rab8 {[%clk
00:43:20] [%emt 00:00:58]} 21. Nd1 {[%clk 00:53:37] [%emt 00:02:34]} Ba4 {[%clk
00:29:04] [%emt 00:14:46]} 22. Rxc4 {[%clk 00:44:39] [%emt 00:09:29]} Bxd1
{[%clk 00:28:57] [%emt 00:00:37]} 23. Rxd1 {[%clk 00:45:03] [%emt 00:00:06]}
Rxb2 {[%clk 00:29:14] [%emt 00:00:13]} 24. Rd2 {[%clk 00:44:18] [%emt 00:01:15]}
Rb1 {[%clk 00:21:27] [%emt 00:08:18]} 25. Bc5 {[%clk 00:38:11] [%emt 00:06:37]}
Rdb8 {[%clk 00:13:29] [%emt 00:08:28]} 26. e4 {[%clk 00:35:00] [%emt 00:03:40]}
Nb6 {[%clk 00:13:15] [%emt 00:00:45]} 27. Rcc2 {[%clk 00:31:02] [%emt 00:04:28]}
h5 {[%clk 00:12:47] [%emt 00:00:58]} 28. Be3 {[%clk 00:30:26] [%emt 00:01:07]}
Rb7 {[%clk 00:10:50] [%emt 00:02:27]} 29. Rc6 {[%clk 00:27:58] [%emt 00:02:58]}
Kh7 {[%clk 00:10:49] [%emt 00:00:31]} 30. Rdc2 {[%clk 00:25:16] [%emt 00:03:12]}
Nd7 {[%clk 00:05:47] [%emt 00:05:32]} 31. Rxa6 {[%clk 00:17:34] [%emt 00:08:12]}
Ne5 {[%clk 00:04:45] [%emt 00:01:32]} 32. Rd6 {[%clk 00:16:45] [%emt 00:01:19]}
R7b4 {[%clk 00:02:30] [%emt 00:02:45]} 33. Rd4 {[%clk 00:15:41] [%emt 00:01:34]}
Rh1 {[%clk 00:02:21] [%emt 00:00:39]} 34. Rxb4 {[%clk 00:04:59] [%emt 00:11:12]}
Rxh2+ {[%clk 00:02:46] [%emt 00:00:05]} 35. Kf1 {[%clk 00:04:22] [%emt
00:01:08]} Rxc2 {[%clk 00:03:10] [%emt 00:00:05]} 36. Rb5 {[%clk 00:02:34] [%emt
00:02:18]} f6 {[%clk 00:01:47] [%emt 00:01:53]} 37. a4 {[%clk 00:01:57] [%emt
00:01:07]} Ra2 {[%clk 00:01:50] [%emt 00:00:26]} 38. a5 {[%clk 00:01:32] [%emt
00:00:55]} Kg6 {[%clk 00:00:58] [%emt 00:01:22]} 39. f4 {[%clk 00:00:53] [%emt
00:01:10]} Nc4 {[%clk 00:01:15] [%emt 00:00:14]} 40. f5+ {[%clk 00:01:14] [%emt
00:00:09]} Kh7 {[%clk 00:00:49] [%emt 00:00:55]} 41. fxe6 {[%clk 00:34:20] [%emt
00:17:24]} Nxe3+ {[%clk 00:47:56] [%emt 00:03:22]} 42. Ke1 {[%clk 00:34:02]
[%emt 00:00:49]} Ra4 {[%clk 00:29:38] [%emt 00:18:48]} 43. Ke2 {[%clk 00:16:13]
[%emt 00:18:19]} Rxe4 {[%clk 00:26:54] [%emt 00:03:14]} 44. a6 {[%clk 00:16:40]
[%emt 00:00:04]} Rxe6 {[%clk 00:26:02] [%emt 00:01:21]} 45. a7 {[%clk 00:17:06]
[%emt 00:00:04]} Nc4+ {[%clk 00:24:19] [%emt 00:02:13]} 46. Kd3 {[%clk 00:17:24]
[%emt 00:00:12]} Ra6 {[%clk 00:24:19] [%emt 00:00:31]} 47. Kxc4 {[%clk 00:17:31]
[%emt 00:00:23]} Rxa7 {[%clk 00:24:44] [%emt 00:00:04]} 48. Rxh5+ {[%clk
00:17:57] [%emt 00:00:04]} Kg6 {[%clk 00:25:08] [%emt 00:00:06]} 49. Rh1 {[%clk
00:15:05] [%emt 00:03:22]} Ra3 {[%clk 00:25:31] [%emt 00:00:07]} 50. Rh3 {[%clk
00:15:14] [%emt 00:00:21]} Kg5 {[%clk 00:25:47] [%emt 00:00:13]} 51. Kd5 {[%clk
00:15:25] [%emt 00:00:20]} Kg4 {[%clk 00:24:31] [%emt 00:01:46]} 52. Rh7 {[%clk
00:15:43] [%emt 00:00:12]} g5 {[%clk 00:24:40] [%emt 00:00:21]} 0-1

[Site "Europe Echecs"]

[Event "Grand Swiss "]
[Date "2025.09.09"]
[White "Goryachkina, Aleksandra"]
[Black "Sjugirov, Sanan"]
[WhiteElo "2528"]
[BlackElo "2627"]
[Round "6.6.48"]
[Result "0-1"]

1. e4 {[%clk 01:40:53] [%emt 00:00:06]} c5 {[%clk 01:37:24] [%emt 00:03:37]} 2.
Nf3 {[%clk 01:41:09] [%emt 00:00:15]} d6 {[%clk 01:33:58] [%emt 00:03:56]} 3.
Bb5+ {[%clk 01:41:08] [%emt 00:00:30]} Bd7 {[%clk 01:33:40] [%emt 00:00:47]} 4.
Bxd7+ {[%clk 01:41:15] [%emt 00:00:23]} Qxd7 {[%clk 01:33:40] [%emt 00:00:30]}
5. c4 {[%clk 01:40:43] [%emt 00:01:02]} Nf6 {[%clk 01:32:50] [%emt 00:01:20]} 6.
Nc3 {[%clk 01:40:17] [%emt 00:00:57]} g6 {[%clk 01:33:05] [%emt 00:00:15]} 7. d4
{[%clk 01:39:03] [%emt 00:01:44]} cxd4 {[%clk 01:33:28] [%emt 00:00:07]} 8. Nxd4
{[%clk 01:39:27] [%emt 00:00:05]} Bg7 {[%clk 01:33:46] [%emt 00:00:12]} 9. f3
{[%clk 01:35:33] [%emt 00:04:25]} O-O {[%clk 01:33:51] [%emt 00:00:25]} 10. Be3
{[%clk 01:34:22] [%emt 00:01:41]} Nc6 {[%clk 01:34:03] [%emt 00:00:18]} 11. O-O
{[%clk 01:34:18] [%emt 00:00:33]} a6 {[%clk 01:34:12] [%emt 00:00:22]} 12. Qd3
{[%clk 01:29:14] [%emt 00:05:34]} Ne5 {[%clk 01:33:42] [%emt 00:01:00]} 13. Qe2
{[%clk 01:28:48] [%emt 00:00:57]} Rfc8 {[%clk 01:33:46] [%emt 00:00:26]} 14. b3
{[%clk 01:23:37] [%emt 00:05:41]} b5 {[%clk 01:34:05] [%emt 00:00:11]} 15. Nd5
{[%clk 01:20:25] [%emt 00:03:41]} Rcb8 {[%clk 01:34:29] [%emt 00:00:07]} 16.
Rfc1 {[%clk 01:02:59] [%emt 00:17:56]} bxc4 {[%clk 01:30:28] [%emt 00:04:31]}
17. bxc4 {[%clk 01:03:13] [%emt 00:00:17]} e6 {[%clk 01:29:39] [%emt 00:01:19]}
18. Nxf6+ {[%clk 00:58:56] [%emt 00:04:47]} Bxf6 {[%clk 01:30:02] [%emt
00:00:07]} 19. Rc2 {[%clk 00:56:26] [%emt 00:03:01]} Rb4 {[%clk 01:10:11] [%emt
00:20:20]} 20. Rac1 {[%clk 00:54:10] [%emt 00:02:46]} Rc8 {[%clk 01:09:20] [%emt
00:01:21]} 21. Nb3 {[%clk 00:50:10] [%emt 00:04:31]} a5 {[%clk 01:00:31] [%emt
00:09:20]} 22. Bd2 {[%clk 00:45:12] [%emt 00:05:28]} Nc6 {[%clk 00:58:03] [%emt
00:02:57]} 23. Bxb4 {[%clk 00:37:50] [%emt 00:07:52]} Nxb4 {[%clk 00:56:52]
[%emt 00:01:40]} 24. Rd2 {[%clk 00:31:17] [%emt 00:07:04]} Bg5 {[%clk 00:52:44]
[%emt 00:04:38]} 25. h4 {[%clk 00:27:51] [%emt 00:03:55]} Bf4 {[%clk 00:44:45]
[%emt 00:08:29]} 26. Rcd1 {[%clk 00:22:54] [%emt 00:05:27]} Qe7 {[%clk 00:38:40]
[%emt 00:06:35]} 27. Qf2 {[%clk 00:21:25] [%emt 00:01:59]} a4 {[%clk 00:34:46]
[%emt 00:04:24]} 28. Nd4 {[%clk 00:16:17] [%emt 00:05:38]} Bxd2 {[%clk 00:34:42]
[%emt 00:00:33]} 29. Qxd2 {[%clk 00:13:48] [%emt 00:03:00]} Rxc4 {[%clk
00:34:57] [%emt 00:00:15]} 30. a3 {[%clk 00:11:28] [%emt 00:02:50]} Na6 {[%clk
00:22:37] [%emt 00:12:50]} 31. Qa5 {[%clk 00:10:46] [%emt 00:01:12]} Nc7 {[%clk
00:17:11] [%emt 00:05:56]} 32. h5 {[%clk 00:09:34] [%emt 00:01:41]} d5 {[%clk
00:16:21] [%emt 00:01:20]} 33. h6 {[%clk 00:06:41] [%emt 00:03:23]} Qxa3 {[%clk
00:13:39] [%emt 00:03:11]} 34. exd5 {[%clk 00:06:40] [%emt 00:00:31]} Qe3+
{[%clk 00:07:46] [%emt 00:06:23]} 35. Kf1 {[%clk 00:06:28] [%emt 00:00:42]} exd5
{[%clk 00:07:54] [%emt 00:00:22]} 36. Qb6 {[%clk 00:04:45] [%emt 00:02:13]} Qxh6
{[%clk 00:05:35] [%emt 00:02:48]} 37. Nf5 {[%clk 00:04:49] [%emt 00:00:26]} Qf8
{[%clk 00:05:12] [%emt 00:00:53]} 38. Ne3 {[%clk 00:04:15] [%emt 00:01:05]} Rc3
{[%clk 00:03:02] [%emt 00:02:39]} 39. Ng4 {[%clk 00:04:43] [%emt 00:00:02]} Ne6
{[%clk 00:03:00] [%emt 00:00:32]} 40. Nf6+ {[%clk 00:00:51] [%emt 00:04:22]} Kg7
{[%clk 00:03:24] [%emt 00:00:05]} 41. Nxd5 {[%clk 00:48:31] [%emt 00:02:50]} Rb3
{[%clk 00:48:40] [%emt 00:05:13]} 42. Qf2 {[%clk 00:36:24] [%emt 00:12:37]} a3
{[%clk 00:42:30] [%emt 00:06:41]} 43. Qc2 {[%clk 00:34:21] [%emt 00:02:33]} Qb8
{[%clk 00:41:08] [%emt 00:01:51]} 44. Kg1 {[%clk 00:32:04] [%emt 00:02:47]} Qa7+
{[%clk 00:40:07] [%emt 00:01:31]} 45. Kh1 {[%clk 00:26:29] [%emt 00:06:06]} Qa4
{[%clk 00:39:48] [%emt 00:00:49]} 46. Qf2 {[%clk 00:25:46] [%emt 00:01:13]} Rb4
{[%clk 00:22:15] [%emt 00:18:03]} 47. Ra1 {[%clk 00:21:32] [%emt 00:04:44]} Rh4+
{[%clk 00:17:04] [%emt 00:05:40]} 48. Kg1 {[%clk 00:22:00] [%emt 00:00:02]} Rh5
{[%clk 00:17:09] [%emt 00:00:26]} 49. Qd2 {[%clk 00:13:48] [%emt 00:08:41]} Re5
{[%clk 00:13:32] [%emt 00:04:06]} 50. Ne3 {[%clk 00:11:54] [%emt 00:02:25]} Qa7
{[%clk 00:06:44] [%emt 00:07:18]} 51. Kf2 {[%clk 00:12:00] [%emt 00:00:24]} Rc5
{[%clk 00:04:20] [%emt 00:02:54]} 52. Kf1 {[%clk 00:10:14] [%emt 00:02:15]} h5
{[%clk 00:04:18] [%emt 00:00:33]} 53. Qd3 {[%clk 00:08:41] [%emt 00:02:03]} a2
{[%clk 00:04:21] [%emt 00:00:26]} 54. Qe2 {[%clk 00:08:58] [%emt 00:00:13]} Re5
{[%clk 00:04:04] [%emt 00:00:47]} 55. Kf2 {[%clk 00:08:45] [%emt 00:00:44]} Ra5
{[%clk 00:04:29] [%emt 00:00:05]} 56. g4 {[%clk 00:05:48] [%emt 00:03:27]} Nf4
{[%clk 00:03:57] [%emt 00:01:01]} 57. Qb2+ {[%clk 00:05:23] [%emt 00:00:55]} Kh7
{[%clk 00:04:11] [%emt 00:00:16]} 58. Qd2 {[%clk 00:04:44] [%emt 00:01:10]} Nd5
{[%clk 00:03:57] [%emt 00:00:43]} 59. gxh5 {[%clk 00:04:43] [%emt 00:00:32]}
gxh5 {[%clk 00:03:51] [%emt 00:00:36]} 60. Qd3+ {[%clk 00:03:49] [%emt
00:01:25]} Kh6 {[%clk 00:04:08] [%emt 00:00:13]} 0-1

[Site "Europe Echecs"]